000 00580nam a2200229Ia 4500
003 OSt
005 20220924152210.0
006 a|||||r|||| 00| 0
007 ta
008 220923b |||||||| |||| 00| 0 mar d
024 _a341505
037 _cTextual
040 _aARTS
_cARTS
_bmar
041 _2mar
_amar
082 _aO155,3NAGx, L4
100 _aAgnihotri A.S.
_9226095
245 0 _aRahat gaadgey
260 _c1974
650 _aMARATHI LITERATURE
_938000
942 _hO155,3NAGx, L4
_cTEXL
_2CC
999 _c469068
_d469068